|
|
|
|
| LEADER |
00000cam a2200000 7i4500 |
| 001 |
0000001463 |
| 005 |
20011210.0 |
| 090 |
0 |
0 |
|a 363.73
|b MUN 1973
|
| 100 |
1 |
0 |
|a MUNN
|h R. E.
|
| 245 |
1 |
0 |
|a Global environmental monitoring system (GEMS) :
|b Action plan for phase I
|c R. E. Munn
|
| 260 |
0 |
0 |
|a Toronto; London :
|b International Council of Scientific Unions; Scientific Committee on Problems of the Environment ,
|c 1973
|
| 300 |
|
|
|a 130 p.26 ;
|c cm.
|
| 440 |
0 |
0 |
|a SCOPE report 3
|
| 500 |
0 |
0 |
|a Includes bibliographies
|
| 650 |
0 |
0 |
|a Global Environmental Monitoring System
|
| 650 |
0 |
0 |
|a Pollution
|x Environmental aspects
|
| 650 |
0 |
0 |
|a Pollution
|x Measurement
|
| 998 |
|
|
|a JPSM
|
| 999 |
|
|
|a 0000002469
|b Monograph
|c Open Shelf
|e Default branch
|